| 000 | 02303nam0a2200421 4500 | ||
|---|---|---|---|
| 001 | RU\NLR\BIBL_A\011218285 | ||
| 005 | 20170302142811.0 | ||
| 021 |
_aRU _b2016-62453 _93971 |
||
| 029 | 1 | 0 |
_aRU _b33713-2015 _cГОСТ |
| 035 | _a(NLR Aleph) 011218285 | ||
| 090 |
_a12010103 _c12010103 |
||
| 100 | _a20160926d2016 k y0rusy50 ca | ||
| 101 | 0 | _arus | |
| 102 | _aRU | ||
| 105 | _ay l 000|y | ||
| 200 | 1 |
_aКраны грузоподъемные _iРегистраторы параметров работы _eобщие требования _dCranes. Registrars of operating parameters. General requirements _zeng _eГОСТ 33713-2015 _fразработан Научно-производственным предприятием "ЭГО" и РАТТЕ (АО "РАТТЕ") |
|
| 205 | _aИзд. офиц. | ||
| 210 |
_aМосква _cСтандартинформ _d2016 |
||
| 215 |
_aIV, 19, [1] с. _cил. _d29 |
||
| 225 | 1 |
_aМежгосударственный стандарт _fМежгосударственный совет по стандартизации, метрологии и сертификации |
|
| 239 | _aВвед. 01.04.2017 | ||
| 320 | _aБиблиогр. в конце текста (1 назв.) | ||
| 510 | 1 |
_aCranes _zeng |
|
| 510 | 1 |
_aRegistrars of operating parameters. General requirements _zeng |
|
| 517 | 1 | _aГОСТ 33713-2015 | |
| 606 | 1 |
_aГрузоподъемные краны _xЭксплуатация _jСтандарты _2nlr_sh2 _3RU\NLR\AUTH\661324805 |
|
| 675 | _a621.873:531.2:006.354 | ||
| 686 |
_a53.020.20 _v2000 _2oks |
||
| 686 | 1 | _aО922-082я861 | |
| 712 | 0 | 2 |
_aНаучно-производственное предприятие по электро- и гидрооборудованию строительно-дорожных машин и грузоподъемных кранов _cМосква _3RU\NLR\AUTH\880442998 _4900 |
| 712 | 0 | 2 |
_a"РАТТЕ", акционерное общество _cСанкт-Петербург _3RU\NLR\AUTH\880435194 _4900 |
| 712 | 0 | 2 |
_aМежгосударственный совет по стандартизации, метрологии и сертификации _3RU\NLR\AUTH\8823529 _4725 |
| 942 | _cBOOK | ||
| 980 | _aNBR | ||
| 980 | _aNB | ||